Histoire des conciles d´après les documents originaux / (Record no. 155175)

MARC details
000 -LEADER
campo de control de longitud fija 00826nam a2200217 i 4500
001 - NÚMERO DE CONTROL
campo de control 155175
003 - IDENTIFICADOR DE NÚMERO DE CONTROL
campo de control ES-MaACL
005 - FECHA Y HORA DE LA ÚLTIMA TRANSACCIÓN
campo de control 20251015150358.0
008 - DATOS DE LONGITUD FIJA--INFORMACIÓN GENERAL
campo de control de longitud fija 981207m18691878fr |||| | fre d
040 ## - FUENTE DE CATALOGACIÓN
Centro catalogador/agencia de origen CCPB | B
Lengua de catalogación spa
Centro/agencia transcriptor CCPB | B
100 1# - ENTRADA PRINCIPAL--NOMBRE DE PERSONA
Nombre de persona Hefele, Karl Joseph von,
Fechas asociadas al nombre 1809-1893
9 (RLIN) 62309
245 10 - MENCIÓN DEL TÍTULO
Título Histoire des conciles d´après les documents originaux /
Mención de responsabilidad, etc. par Charles-Joseph Héfélé ; traduit de l´allemand par Goschler et Delarc.
260 ## - PUBLICACIÓN, DISTRIBUCIÓN, ETC.
Lugar de publicación, distribución, etc. Paris :
Nombre del editor, distribuidor, etc. Adrien le Clere et C\pie\s, Libraires-Éditeurs,
Fecha de publicación, distribución, etc. 1869-1878.
300 ## - DESCRIPCIÓN FÍSICA
Extensión 12 v. ;
Dimensiones 22 cm.
650 ## - PUNTO DE ACCESO ADICIONAL DE MATERIA--TÉRMINO DE MATERIA
Término de materia o nombre geográfico como elemento de entrada Concilios y sínodos ecuménicos-
Subdivisión de forma Historia.
9 (RLIN) 11247
700 1# - ENTRADA AGREGADA--NOMBRE PERSONAL
Nombre de persona Goschler, Isidore,
Fechas asociadas al nombre 1804-1866
9 (RLIN) 127488
700 1# - ENTRADA AGREGADA--NOMBRE PERSONAL
Nombre de persona Delarc.
9 (RLIN) 126735
852 ## - LOCALIZACIÓN
Ubicación ES-MaACL
Número de control de estantería B-622-33
Nota libre -- Enc. hol.
Holdings
Estatus retirado Estado de pérdida Estado de daño No para préstamo Colección Biblioteca de origen Biblioteca actual Ubicación en estantería Fecha de adquisición Total de préstamos Signatura topográfica completa Código de barras Visto por última vez Precio de reemplazo Tipo de ítem Koha
        Libros del s. XIX Biblioteca del Ateneo de Madrid Biblioteca del Ateneo de Madrid Sala Pardo Bazán 17/01/2008   B-622-33 1162321 23/02/2023 23/02/2023 Libro impreso antiguo